000 00650nam a2200217Ia 4500
003 GCL
008 140319s9999 xx 000 0 ara d
040 _aGCL /
_cGCL
082 0 4 _a811.9
_bم ش
100 1 _aمحمد صبرى
245 1 0 _aالشوقيات المجهولة /
_cمحمد صبرى
260 _a[S.N] :
_bدار المسيرة للنشر والتوزيع والطباعة ،
_c1979
300 _a666 ص
490 _a
650 0 4 _aالشعر العربى
650 0 4 _aالادب العربى
650 0 4 _aالعصر الحديث
650 0 4 _aدواوين وقصائد
650 0 4 _aاحمد شوقى
942 _2ddc
_cBK
999 _c56109
_d56109